Guess these random Kpop idols #10 - Statistics

General Stats
  • This quiz has been taken 201 times
  • The average score is 7 of 17
Answer Stats
Picture Answer % Correct
Suga - BTS
86%
Niki - Enhypen
81%
Lia - Itzy
76%
Mina - Twice
70%
Mingyu - Seventeen
67%
Taeyong - NCT 127
66%
Miyeon - Gidle
63%
Chenle - NCT Dream
49%
Sehun - Exo
36%
Xiaoting - Kep1er
31%
Hendery - Wayv
29%
Jiheon - Fromis_9
18%
Yiren - Everglow
18%
Sumin - Stayc
14%
Siyoon - Billlie
7%
Dosie - Purple Kiss
5%
Jibeom - Golden Child
1%
No matching quizzes found
Score Distribution
Percent of People with Each Score
Percentile by Number Answered
Your Score History
You have not taken this quiz